000 00823nam a2200277Ia 4500
003 OSt
005 20220928124315.0
006 a|||||r|||| 00| 0
007 ta
008 220927b |||||||| |||| 00| 0 eng d
020 _c499
024 _a100443
037 _b437, 23/10/2009, Pioneer Book Distributors
_cTextual
040 _aSDCL
_cSDCL
_beng
041 _2eng
_aeng
082 _aD651, P9
100 _aBoylestad Robert L
_9451746
245 0 _aElectronic devices and circuit theory.
250 _a10
260 _aChennai
_bPearson
_c2009
300 _axv,892p.
_ccm.
650 _aElectronic Science
700 _a Nashelsky Louis
_9464281
942 _hD651, P9
_cTEXL
_2CC
999 _c777178
_d777178